| 000 | 00494nam a2200193Ia 4500 | ||
|---|---|---|---|
| 008 | 180920s9999 xx 000 0 und d | ||
| 020 | _a978-1-68251-432-0 | ||
| 050 | _aMAIN TX 928 | ||
| 050 | _b.T44 2018 | ||
| 245 | 0 | _aTheory, practice and techniques in housekeeping / | |
| 260 | _aNew York : | ||
| 260 | _b3G E-Learning, | ||
| 260 | _c2018 | ||
| 300 | _a302 pages : | ||
| 300 | _billustrations ; | ||
| 300 | _c23 cm. | ||
| 500 | _aIncludes index. | ||
| 650 | _aHotel housekeeping. | ||
| 999 |
_c358805 _d358805 |
||